Financial management for the hospitality industry / (Record no. 23856)
[ view plain ]
| 000 -LEADER | |
|---|---|
| fixed length control field | 00631nam a2200205 a 4500 |
| 005 - DATE AND TIME OF LATEST TRANSACTION | |
| control field | 20140310183500.0 |
| 008 - FIXED-LENGTH DATA ELEMENTS--GENERAL INFORMATION | |
| fixed length control field | 100104s19uu xx 00 eng d |
| 020 ## - INTERNATIONAL STANDARD BOOK NUMBER | |
| International Standard Book Number | 0131179098 |
| 050 ## - LIBRARY OF CONGRESS CALL NUMBER | |
| Classification number | TX 911.3.F5 |
| Item number | .An48 2007 |
| 100 ## - MAIN ENTRY--PERSONAL NAME | |
| Personal name | Andrew, William P. |
| 245 ## - TITLE STATEMENT | |
| Title | Financial management for the hospitality industry / |
| Statement of responsibility, etc | William P. Andrew |
| 260 ## - PUBLICATION, DISTRIBUTION, ETC. (IMPRINT) | |
| Place of publication, distribution, etc | Upper Saddle River, New Jersey : |
| Name of publisher, distributor, etc | Prentice Hall, |
| Date of publication, distribution, etc | 2007. |
| 300 ## - PHYSICAL DESCRIPTION | |
| Extent | 636 p. : |
| Other physical details | ill. ; |
| Dimensions | 24 cm. |
| 521 ## - TARGET AUDIENCE NOTE | |
| Target audience note | |
| 650 ## - SUBJECT ADDED ENTRY--TOPICAL TERM | |
| Topical term or geographic name as entry element | Hospitality industry |
| General subdivision | Finance. |
| 700 ## - ADDED ENTRY--PERSONAL NAME | |
| Personal name | Damitio, James W. |
| 700 ## - ADDED ENTRY--PERSONAL NAME | |
| Personal name | Schmidgall, Raymond S. |
| 942 ## - ADDED ENTRY ELEMENTS (KOHA) | |
| Koha item type | Books |
| Source of classification or shelving scheme | Library of Congress Classification |
| Call number prefix | Foreign |
| Withdrawn status | Lost status | Source of classification or shelving scheme | Damaged status | Home library | Current library | Shelving location | Date acquired | Source of acquisition | Total Checkouts | Total Renewals | Full call number | Barcode | Date last seen | Date checked out | Copy number | Price effective from | Koha item type |
|---|---|---|---|---|---|---|---|---|---|---|---|---|---|---|---|---|---|
| Library of Congress Classification | College Library | College Library | General Circulation Section | 07/21/2010 | Donation | 1 | 18 | TX 911.3.F5 .An48 2007 | C11033 | 05/15/2018 | 09/15/2017 | 1 | 10/18/2013 | Books |